| Tag |
First Indicator |
Second Indicator |
Subfields |
| LEADER |
00000cam a2200000 a 4500 |
| 001 |
in00002760430 |
| 006 |
m d |
| 007 |
cr cn||||||||| |
| 008 |
120510s2012 ne ag ob 001 0 eng d |
| 005 |
20250816222253.6 |
| 020 |
|
|
|z 9789058679000
|
| 020 |
|
|
|z 9789461660572 (e-book)
|
| 035 |
|
|
|a (CaPaEBR)ebr10555096
|
| 035 |
|
|
|a (OCoLC)794492022
|
| 040 |
|
|
|a CaPaEBR
|c CaPaEBR
|d UtOrBLW
|
| 043 |
|
|
|a e-fr---
|a e-it---
|
| 050 |
1 |
4 |
|a ML3849
|b .D57 2012eb
|
| 245 |
0 |
0 |
|a (Dis)embodying myths in Ancien Régime opera :
|b multidisciplinary perspectives /
|c edited by Bruno Forment.
|
| 246 |
3 |
|
|a Disembodying myths in Ancien Régime opera
|
| 264 |
|
1 |
|a Leuven :
|b Leuven University Press,
|c 2012.
|
| 300 |
|
|
|a 1 online resource (184 pages) :
|b illustrations, music.
|
| 336 |
|
|
|a text
|b txt
|2 rdacontent
|
| 337 |
|
|
|a computer
|b c
|2 rdamedia
|
| 338 |
|
|
|a online resource
|b cr
|2 rdacarrier
|
| 504 |
|
|
|a Includes bibliographical references and index.
|
| 500 |
|
|
|a Electronic resource.
|
| 650 |
|
0 |
|a Mythology, Classical, in opera.
|
| 650 |
|
0 |
|a Opera
|z France
|y 17th century.
|
| 650 |
|
0 |
|a Opera
|z France
|y 18th century.
|
| 650 |
|
0 |
|a Opera
|z Italy.
|
| 655 |
|
7 |
|a Electronic books.
|2 local
|
| 700 |
1 |
|
|a Forment, Bruno.
|
| 710 |
2 |
|
|a ebrary, Inc.
|
| 856 |
4 |
0 |
|u https://ebookcentral.proquest.com/lib/tamucs/detail.action?docID=1763008
|y Connect to the full text of this electronic book
|t 0
|
| 980 |
|
|
|a 120925
|b 25.5
|c USD
|e 38.25
|f YBP_EBR0000043082
|g 1
|
| 999 |
f |
f |
|s 1bd84416-704a-31c1-bb6e-c82f0029413c
|i f719efd4-e749-32c2-bfbc-fbc9f1c3c60c
|t 0
|
| 999 |
|
|
|a MARS
|
| 952 |
f |
f |
|a Texas A&M University
|b College Station
|c Electronic Resources
|d Available Online
|t 0
|e ML3849 .D57 2012eb
|h Library of Congress classification
|
| 998 |
f |
f |
|a ML3849 .D57 2012eb
|t 0
|l Available Online
|